| 000 | 007800000a22002410004500 | ||
|---|---|---|---|
| 090 |
_aAR _b03397 |
||
| 245 | 1 | 0 | _aContribución al estudio de los Rupicolidos y Pípridos de Colombia: entregas 6 y 7 |
| 500 | _a<Colección Aves> | ||
| 650 | 1 | 4 |
_aOrnitología _993189 |
| 650 | 1 | 4 |
_aAves _992429 |
| 650 | 1 | 4 |
_aDistribución geográfica _992997 |
| 650 | 1 | 4 |
_aEvolución _992797 |
| 650 | 1 | 4 |
_aHábitat _992506 |
| 650 | 1 | 4 |
_aEtología _97606 |
| 651 | 4 |
_pColombia _992749 |
|
| 653 | _fRupicolidae | ||
| 041 | 0 | _aEspañol | |
| 700 | 1 |
_aMateus Pineda, Celso Libardo _997003 |
|
| 700 | 1 |
_aUmbacia C., Luis Enrique _997006 |
|
| 100 | 1 |
_aLafrancesco V., Giovanni M. _997005 |
|
| 942 | _cARTICULO | ||
| 773 | 1 |
_tBoletín Científico de la Universidad de la Salle _3182 _h2 _q127-153 _d1989 _g3 |
|
| 999 |
_c12448 _d12448 |
||